| 000 | 00329cam a22001217a 4500 | ||
|---|---|---|---|
| 008 | 180718b1959 xxu||||| |||| 00| 0 eng d | ||
| 082 | _aO62x54 So39 | ||
| 100 | _aSokhey, S.S. | ||
| 245 |
_aThe Indian drug industry and its future _cby S.S. Sokhey |
||
| 260 |
_aDelhi _bThe Author _c1959 |
||
| 300 | _a25p. | ||
| 650 | _aDrugs - India | ||
| 999 |
_c477596 _d477596 |
||